| 000 -LEADER |
| fixed length control field |
00673nam a2200217Ia 4500 |
| 001 - CONTROL NUMBER |
| control field |
3877 |
| 003 - CONTROL NUMBER IDENTIFIER |
| control field |
GE_BSU |
| 008 - FIXED-LENGTH DATA ELEMENTS--GENERAL INFORMATION |
| fixed length control field |
181216s||||||||xx |||||||||||||| ||und|| |
| 040 ## - CATALOGING SOURCE |
| Transcribing agency |
GE_BSU |
| 080 ## - UNIVERSAL DECIMAL CLASSIFICATION NUMBER |
| Universal Decimal Classification number |
621.396.67 |
| 100 ## - MAIN ENTRY--PERSONAL NAME |
| Personal name |
Фрадин,А.З. Рыжков,Е.В. |
| 245 ## - TITLE STATEMENT |
| Title |
Измерение параметров антенно-фидерных устроиств. |
| 245 ## - TITLE STATEMENT |
| Statement of responsibility, etc. |
Ред. Е.С.Новикова. |
| 260 ## - PUBLICATION, DISTRIBUTION, ETC. |
| Place of publication, distribution, etc. |
М. |
| 260 ## - PUBLICATION, DISTRIBUTION, ETC. |
| Name of publisher, distributor, etc. |
Связьиздат. |
| 260 ## - PUBLICATION, DISTRIBUTION, ETC. |
| Date of publication, distribution, etc. |
1962. |
| 300 ## - PHYSICAL DESCRIPTION |
| Extent |
316 стр. 21 см. |
| 653 ## - INDEX TERM--UNCONTROLLED |
| Uncontrolled term |
Измерение параметров антенно-фидерных устроиств. |
| 942 ## - ADDED ENTRY ELEMENTS (KOHA) |
| Koha item type |
წიგნი |